000 00931nam a2200253Ia 4500
003 OSt
005 20220923224715.0
006 a|||||r|||| 00| 0
007 ta
008 220922b |||||||| |||| 00| 0 hin d
024 _a248,943
037 _cTextual
040 _aARTS
_cARTS
_bhin
041 _2hin
_ahin
082 _aO152,6M83:g, J5
100 _aशुक्ल, गिरिजादत्त 'गिरीश'
245 0 _aसमीक्षक - प्रवर श्रीरामचन्द्र शुक्ल
246 _aSamīkṣhak - pravar shrīrāmachandra shukla
260 _aप्रयाग
_b रामनारायणलाल
_c1955
300 _a366पृ.
_ccm.
650 _aहिन्दी साहित्य
_9156264
942 _hO152,6M83:g, J5
_cTEXL
_2CC
999 _c373093
_d373093